000 01153nam a2200349 i 4500
001 bg
245 0 0 _aSzwajcaria /
_c[przygot. ed. pol. Bogdan Rudnicki ; red. prowadzący Joanna Zaborowska ; tł. Alina Szczęch, Beata Śmietana ; red. Joanna Petra].
246 1 _iTyt. oryg.:
_aSwitzerland
260 _aWarszawa :
_bMediaprofit,
_c2007.
300 _a[2], 364, [1] s. :
_bil. kolor. ;
_c23
490 1 _aBiblioteka Gazety Wyborczej. Podróże Marzeń ;
_v11
500 _aMapa i plan na wyklejkach.
504 _aIndeks.
651 9 _aSzwajcaria
655 _aPrzewodniki turystyczne
700 1 _aRudnicki, Bogdan.
_eOprac.
700 1 _aZaborowska, Joanna.
_eRed.
700 1 _aSzczęch, Alina.
_eTł.
700 1 _aŚmietana, Beata.
_eTł.
700 1 _aPetra, Joanna.
_eRed.
830 0 _aBiblioteka Gazety Wyborczej.
_pPodróże Marzeń (2007)
_v11
015 _aPB 19003/2007
020 _a9788360174715
040 _cBPK
041 _apol
044 _aPOL
080 _a913(494)(036)
920 _a978-83-60174-71-5 :
_czł 25
942 _cKS
008 070831s2007 pl a |001 0 pol
999 _c54255
_d54255
856 _uhttp://koha.tu.koszalin.pl/cgi-bin/koha/opac-detail.pl?biblionumber=54255
_yKatalog online BPK